000
00295nam a2200121Ia 4500
005
20251222154325.0
008
251222s9999||||xx |||||||||||||| ||spa||
020
_a
84-206-1766-0
082
_a
REF.413/L45
100
_a
"León, Víctor"
245
0
_a
Diccionario de argot español
942
_c
LIB
999
_c
33920
_d
33920